U.S. Senators for Wyoming - Statistics

General Stats
  • This quiz has been taken 5 times
  • The average score is 8 of 22
Answer Stats
Hint Answer % Correct
2007-Present John Barrasso
100%
2021-Present Cynthia Lummis
75%
1997-2021 Mike Enzi
75%
1979-1997 Alan Simpson
50%
1967-1978 Clifford Hansen
50%
1995-2007 Craig Thomas
50%
1890-1893, 1895-1929 Francis E. Warren
50%
1959-1977 Gale W. McGee
50%
1961-1962 John J. Hickey
50%
1933-1953, 1954-1961 Joseph C. O'Mahoney
50%
1949-1954 Lester C. Hunt
50%
1962-1967 Milward Simpson
50%
1954 Edward D. Crippa
25%
1943-1949 Edward V. Robertson
25%
1953-1959 Frank A. Barrett
25%
1917-1933 John B. Kendrick
25%
1977-1995 Malcolm Wallop
25%
1895-1917 Clarence D. Clark
0%
1937-1943 Harry Schwartz
0%
1890-1895 Joseph M. Carey
0%
1929-1930 Patrick J. Sullivan
0%
1930-1937 Robert D. Carey
0%
No matching quizzes found
Score Distribution
Percent of People with Each Score
Percentile by Number Answered
Your Score History
You have not taken this quiz